| 000 | 00421nam a2200157Ia 4500 | ||
|---|---|---|---|
| 008 | 241228s9999 xx 000 0 und d | ||
| 020 | _a9781032170800 | ||
| 082 | _a006.3 HAR/C | ||
| 100 | _aHarjule, Priyanka | ||
| 245 | 0 | _aComputational statistical methodologies and modeling for artificial intelligence | |
| 260 | _aBoca Raton, | ||
| 260 | _bCRC Press, | ||
| 260 | _c2023 | ||
| 300 | _axxvii, 360p. | ||
| 942 | _cBK | ||
| 999 |
_c40085 _d40085 |
||